| 000 | 00616nam a22002057a 4500 | ||
|---|---|---|---|
| 999 |
_c35 _d35 |
||
| 003 | AR-CdUCM | ||
| 008 | 190220b ||||| |||| 00| 0 eng d | ||
| 020 | _a8482803476 | ||
| 040 |
_aMUNICIPALIDAD PROVINCIAL DEL CUSCO _cBIBLIOTECA MUNICIPAL DEL CUSCO |
||
| 082 |
_a869.824 / _bR69H |
||
| 100 |
_aRoa Batos, Augusto _9179 |
||
| 245 | _aHijo de Hombre / | ||
| 260 |
_aColombia : _bSeix Barral, _c1960. |
||
| 300 |
_a285 páginas ; _c19.8 cm. |
||
| 650 |
_aAugusto Roa Bastos _9180 |
||
| 650 |
_aNarrativa Paraguaya _9181 |
||
| 650 |
_aNovela contemporánea _999 |
||
| 942 |
_2ddc _cLIBROS |
||
| 945 |
_alccs _d2019-02-20 |
||